Statistics for Top 20 boy names Netherlands 2014

Click here to take the quiz!

General Stats

  • This quiz has been taken 59 times
    (57 since last reset)
  • The average score is 7 of 20

Answer Stats

HintAnswer% Correct
TTim
69%
DDaan
50%
LLuuk
50%
BBram
48%
SSem
48%
MMax
45%
LLucas
43%
FFinn
38%
LLars
36%
LLiam
36%
NNoah
33%
TThomas
31%
MMees
29%
TThijs
29%
LLevi
26%
JJayden
19%
MMilan
19%
JJulian
17%
JJesse
14%
RRuben
10%

Score Distribution

Percentile by Number Answered

Percent of People with Each Score

Your Score History

You have not taken this quiz since the last reset